03739cam a22003134a 4500999001700000001000900017003000900026005001700035008004100052020002200093040003800115082002100153245008000174264006700254264001000321300002700331336002600358337002800384338002700412504005100439505098000490520166301470650002503133650003503158653003303193700004003226942001203266952014703278 c27717d2768811847547EG-ScBUE20191029114038.0991122s2000 ja b 001 0 eng  a9280810332 (pbk.) aDLCbengerdacDLCdDLCdEG-ScBUE04a341.481bHUM22200aHuman rights and comparative foreign policy /cedited by David P. Forsythe. 1aTokyo ;aNew York :b United Nations University Press,c[2000] 4cc2000 aix, 365 pages ;c24 cm atextbtxt2rdacontent aunmediatedbn2rdamedia avolumebnc2rdacarrier aIncludes bibliographical references and index.0 aIntroduction / David P. Forsythe -- US foreign policy and human rights : the price of principles after the Cold War / David P. Forsythe -- Trials and errors : the Netherlands and human rights / Peter R. Baehr -- British foreign policy and human rights : from low to high politics / Sally Morphet -- Japan's foreign policy towards human rights : uncertain changes / Yozo Yokota and Chiyuki Aoi -- Russian foreign policy and human rights : conflicted culture and uncertain policy / Sergei V. Chugrov -- India's human rights diplomacy : crisis and transformation / Sanjoy Banerjee -- Iran and human rights / Zachary Karabell -- Human rights and foreign policy in Central Europe : Hungary, the Czech Republic, and Poland / Gabor Kardos -- Human rights and foreign policy in post-apartheid South Africa / Tiyanjana Maluwa -- Latin American foreign policies and human rights / Cristina Eguizabal -- An overview / Jack Donnelly -- Postscript : the Kosovo Crisis / David P. Forsythe. aHuman Rights and Comparative Foreign Policy is the first book in English to examine the place of human rights in the foreign policies of a wide range of states during contemporary times. The book is also unique in utilizing a common framework of analysis for all 10 of the country or regional studies covered. This framework treats foreign policy as the result of a two-level game in which both domestic and foreign factors have to be considered. Leading experts from around the world analyze both liberal democratic and other foreign policies on human rights. A general introduction and a systematic conclusion add to the coherence of the project. The authors note the increasing attention given to human rights issues in contemporary foreign policy. At the same time, they argue that most states, including liberal democratic states that identify with human rights, are reluctant most of the time to elevate human rights concerns to a level equal to that of traditional security and economic concerns. When states do seek to integrate human rights with these and other concerns, the result is usually great inconsistency in patterns of foreign policy. The book further argues that different states bring different emphasis to their human rights diplomacy, because of such factors as national political culture and perceived national interests. In the last analysis states can be compared along two dimensions pertaining to human rights: extent to which they are oriented toward an international rather than national conception of rights; and extent to which they are oriented toward international rather than national action to protect human rights.  7aHuman rights.2BUEsh 7aComparative law.2BUEsh940384 bBUSBOLbMASPPSScOctober20191 aForsythe, David P.,d1941-eeditor. 2ddccBB 00102ddc40708BaccahaMAINbMAINc1STd2019-10-29ePurchaseg580.00l0o341.481 HUMp000048178r2025-10-25 00:00:00v725.00w2019-10-29yBB